| 000 | 00609nam a2200169Ia 4500 | ||
|---|---|---|---|
| 008 | 090711s9999 xx 000 0 und d | ||
| 082 | _b52942 | ||
| 100 | _aघैसास दिवाकर अ. | ||
| 245 | _aसमर्थांSाी बोधसुधा | ||
| 260 |
_bकेशव भिकाजी ढवळे _c1985 |
||
| 300 | _a408 | ||
| 600 | _aघैसास दिवाकर अ. | ||
| 630 | _aसमर्थांSाी बोधसुधा | ||
| 700 | _aघैसास दिवाकर अ. | ||
| 730 | _aसमर्थांSाी बोधसुधा | ||
| 942 | _cBOOK | ||
| 999 |
_c325921 _d325921 |
||